• 首页
  • 本馆介绍
  • 公告通知
  • 最新文献
  • 馆藏检索
  • 电子资源
  • 读者导购
  • 参考咨询
  • 我的图书馆
  • 登录
  • 详细信息显示
  • 放入我的书架
  • 预约/预借图书
  • 作者相关作品
  • 分类相关作品
  • 丛书相关作品
  • 出版社相关作品

书目信息

  • 表格格式
  • 工作单格式
  • 卡片格式
题名:
矩阵分析引论
    
 
作者: 罗家洪 编著
分册:  
出版信息: 广州   华南理工大学出版社  2003
页数: 268页
开本: 21cm
丛书名:
单 册:
中图分类: O151.21
科图分类:
主题词: 矩阵分析--研究生--教材 , 矩阵分析
电子资源:
ISBN: 7-5623-0345-2
000 00847nam0 2200265 45
001 010000002266
005 20050919111948.23
010    @a7-5623-0345-2@dCNY12.00
100    @a20031226d2003 ekmy0chiy0120 ea
101 0  @achi
102    @aCN@b440000
105    @ay az 000yy
200 1  @a矩阵分析引论@9ju zhen fen xi yin lun@f罗家洪编著@Fluo jia hong bian zhu
205    @a3版
210    @a广州@c华南理工大学出版社@d2003
215    @a268页@d21cm
300    @a工科研究生用书
320    @a有书目:第268页
330    @a全书共分六章;线性空间与线性变换、内积空间、矩阵的标准形与若干分解形式、矩阵函数及其应用、特征值的估计与广义逆矩阵、非负矩阵。
606 0  @a矩阵分析@x研究生@j教材
606 0  @a矩阵分析
690    @aO151.21@v4
701  0 @a罗家洪@Aluo jia hong@4编著
801  0 @aCN@bTSSF@c20050919
905    @a10447@dO151.21@e181=3
    
    矩阵分析引论/罗家洪编著.-3版.-广州:华南理工大学出版社,2003
    268页;21cm
    工科研究生用书
    
    ISBN 7-5623-0345-2:CNY12.00
    全书共分六章;线性空间与线性变换、内积空间、矩阵的标准形与若干分解形式、矩阵函数及其应用、特征值的估计与广义逆矩阵、非负矩阵。
●
相关链接 在E读中查询图书 在五车中查询图书 在当当中查询图书 在豆瓣中查询图书


正题名:矩阵分析引论     索取号:O151.21/181=3         预约/预借

序号 登录号 条形码 馆藏地/架位号 状态 备注
1 0361791   3617919   第二样本阅览室/ [索取号:O151.21/181=3] 在馆    
2 0361792   3617928   第三借阅区/ [索取号:O151.21/181=3] 在馆    
3 0361793   3617937   第三借阅区/ [索取号:O151.21/181=3] 在馆    
4 0361794   3617946   第三借阅区/ [索取号:O151.21/181=3] 在馆    
5 0361795   3617955   第三借阅区/ [索取号:O151.21/181=3] 在馆    
6 0361796   3617964   第三借阅区/ [索取号:O151.21/181=3] 在馆    
7 0361797   3617973   第三借阅区/ [索取号:O151.21/181=3] 在馆    
8 0361798   3617982   第三借阅区/ [索取号:O151.21/181=3] 在馆    
唐山师范学院图书馆 欢迎您!
大连网信软件有限公司© 版权所有